Une lettre suffit pour répondre juste #74 (attention 10 lettres tuent) - Statistiques

Statistiques générales
  • Ce quiz a été pris 63 fois
  • Le résultat moyen est 2 sur 6
Statistiques - réponses
Hint Réponse % Correct
Donne une des 5 lettres qui compose le nom de l'émission TV hebdomadaire créée en 1987 et consacrée à l'automobile, qui a le record de longévité sur M6 TURBO
100%
Donne une des 4 lettres du nom de la spécialité culinaire cuite, de forme ronde comme son nom l'indique, de texture solide, tremblante, lisse et tendre, ayant pour base des œufs battus dans du lait ou de la crème de lait (ici au citron et aux framboises, servi avec un verre de vin blanc)
FLAN
61%
Donne une des 3 lettres qui complète le surnom de Henry McCarty (1859-1881), un hors-la-loi du Wild West américain : Billy The _ _ _
KID
55%
Donne une des 2 lettres des initiales (nom prénom) de cette actrice française
VG (Vanessa Guide)
6%
Donne la lettre qui complète le nom de cette émission de télé française diffusée sur TF1 en décembre 2020 et 2021 : District ?
Z
6%
Donne la lettre qui est en première et dernière position du pays qui compte parmi ses quelques "villes" de plus 1000 habitants :
- Anse Boileau - Anse Volbert - Anse Royale - Grand Anse
S (Seychelles)
4%
Aucun quiz correspondant
Distribution des résultats
% des personnes avec chaque résultat
Percentile par nombre de réponses
Votre historique - résultats
Vous n’avez pas pris ce quiz